LEADER 03210nam0 2200481 i 450 001 BVEE019041 005 20170908093208.0 012 $auata diac e,he [Fst (3) 1575 (R)$2fei 100 $a20001006d1575 ||||0itac50 ba 101 | $alat$aita 102 $ait 181 1$6z01$ai $bxxxe 182 1$6z01$an 200 1 $a˜Il œTerentio latino, comentato in lingua toscana, e ridotto à la sua vera latinità, ... da Giouanni Fabrini da Fighine fiorentino. ... Nel fine è aggiunto la Interpretatione de la lingua uolgare, e latina; ... Soncisi vltimamente aggiunte dal medesimo autore l'osseruationi da esprimere tutte le parole, e concetti vulgari latinamente secondo l'uso di Terentio, ... 210 $aIn Vinegia$cappresso Giouambattista Sessa, e fratelli$d1575$eIn Vinegia$gappresso Giambattista Sessa & fratelli$h1574 215 $a[6], 438 p., 33, [1], 82 c.$d4º 300 $aL'Interpretatione della lingua volgare, e latina inizia a c. 2E7r 300 $aSeguono l'Osseruationi 300 $aMarca (Z587) sul front 300 $aCors. ; rom 300 $aSegn.: A-2T⁸ 2V² 300 $aIniziali e fregi xil 300 $aTesto entro cornice a doppio filetto. 316 $a1 v.; sul v. della c. di guardia anteriore: nota ms. di possesso (Luigi Coppola - o cavaliere Vico S. Vincenzo alla Sanità Napoli, n. 2).$5IT-NA0074, SM 5C 00067 316 $a1 v.; diverse note ms. sul front.$5IT-AV0045, CINQ 001. 0706 423 0$12001 $a˜LaœInterpretatione de la lingua volgare, e latina$1700 1$aFabrini$b, Giovanni$3RMLV019379$4070 423 0$12001 $a˜Ioannis Fabrini Ficinatis Florentini œObseruationum in Terentium liber.$1700 1$aFabrini$b, Giovanni$3RMLV019379$4070 500 10$aOpera.$3BVEE008932$9CFIV069531$91479444 620 $dVenezia$3SBLL003553 700 1$aTerentius Afer$b, Publius$3CFIV069531$4070$0439355 712 02$aSessa, Giovanni Battista$c <2.> & fratelli$3BVEV038516$4650 790 1$aTerentius$b, Publius Afer$3CAGV024322$zTerentius Afer, Publius 790 0$aTerenzio$3CFIV069532$zTerentius Afer, Publius 790 1$aTerenzio Afro$b, Publio$3CFIV069535$zTerentius Afer, Publius 801 3$aIT$bIT-NA0079$c20001006 850 $aIT-NA0074$aIT-AV0045 912 $aBVEE019041 921 $aBVEM000642$bGatta con topo in bocca, allatta un gattino. In basso un ovale con iniziali MS sotto la doppia croce. In cornice figurata. Motto: Imparibus dissidii satis.$cZ587$dSul front. 950 0$aBiblioteca Provinciale Laurenziana$b1 esemplare$c1 v.$d 91SM 5C 00067$e 91ANT0000003365 B 1 v.; sul v. della c. di guardia anteriore: nota ms. di possesso (Luigi Coppola - o cavaliere Vico S. Vincenzo alla Sanità Napoli, n. 2).$fZ $i20111010 950 0$aBiblioteca Statale di Montevergine$b1 esemplare$c1 v.; diverse note ms. sul front.$d MVCINQ 001. 0706$e MV 0000264205 C 1 v.; diverse note ms. sul front.$fZ $h20031213$i20031213 977 $a 91$a MV 996 $aOpera$91479444 997 $aUNISANNIO LEADER 00931nam0-22003131i-450- 001 990001843790403321 005 20080923141649.0 035 $a000184379 035 $aFED01000184379 035 $a(Aleph)000184379FED01 035 $a000184379 100 $a20030910f19201940km-y0itay50------ba 101 0 $aita 102 $aIT 105 $ay-------001yy 200 1 $aPer chiarire alcuni concetti circa la concimazione azotata di copertura al giorno$e(replica ad una critica)$fEdoardo Bassi 210 $a[S.l.$cs.n.$d19..] 215 $a4 p.$d27 cm 610 0 $aGrano 610 0 $aConcimi azotati 676 $a633.11 700 1$aBassi,$bEdoardo$071689 801 0$aIT$bUNINA$gRICA$2UNIMARC 901 $aBK 912 $a990001843790403321 952 $a60 MISC. B 45/4$fFAGBC 959 $aFAGBC 996 $aPer chiarire alcuni concetti circa la concimazione azotata di copertura al giorno$9414950 997 $aUNINA LEADER 00884nam0-22003011i-450- 001 990001757210403321 005 20080716142100.0 035 $a000175721 035 $aFED01000175721 035 $a(Aleph)000175721FED01 035 $a000175721 100 $a20030910f1847----km-y0itay50------ba 101 0 $aita 102 $aIT 105 $ay-------001yy 200 1 $aIntorno alla morfologia vegetale$eletta alla R. Accademia delle Scienze nella tornata de' 14 settembre 1847$fMichele Tenore 210 $a[S.l.$cs.n.$d1847] 215 $a18 p.$d30 cm 610 0 $aMorfologia vegetale 676 $a581.4 700 1$aTenore,$bMichele$f<1780-1861>$038409 801 0$aIT$bUNINA$gRICA$2UNIMARC 901 $aBK 912 $a990001757210403321 952 $a60 094.3 A 4/25$b538$fFAGBC 959 $aFAGBC 996 $aIntorno alla morfologia vegetale$9362795 997 $aUNINA